| 000 | 00000nam 2200000za 4500 |
| 001 | 9.822278 |
| 003 | CaOODSP |
| 005 | 20221107143642 |
| 007 | cr ||||||||||| |
| 008 | 160809s2016 onc o f000 0 fre d |
| 040 | |aCaOODSP|bfre |
| 043 | |an-cn--- |
| 086 | 1 |aH113-24/2016-36F-PDF |
| 245 | 00|aFosétyl-aluminum |h[ressource électronique]. |
| 260 | |aOttawa : |bSanté Canada, |cc2016. |
| 300 | |a5 p. |
| 490 | 1 |aLimites maximales de résidus proposées, |x1925-086X ; |vPMRL2016-36 |
| 500 | |aPubl. aussi en anglais sous le titre : Fosetyl-aluminum. |
| 500 | |a« Le 26 juillet 2016. » |
| 504 | |aComprend des références. |
| 520 | |aEn vertu de la Loi sur les produits antiparasitaires, l’Agence de réglementation de la lutte antiparasitaire (ARLA) de Santé Canada a jugé acceptable l’ajout de nouvelles utilisations sur diverses denrées à l’étiquette du fongicide systémique Aliette® WDG, qui contient du fosétyl-aluminium de qualité technique. Les utilisations approuvées au Canada sont décrites sur l’étiquette du fongicide systémique Aliette® WDG (numéro d’homologation 24458). L’évaluation de cette demande concernant le fosétyl-aluminium a permis de conclure que la préparation commerciale a une valeur et que les risques liés à cette nouvelle utilisation sont acceptables pour la santé humaine et pour l’environnement. |
| 530 | |aÉgalement publ. en version imprimée. |
| 692 | 07|2gccst|aFongicide |
| 692 | 07|2gccst|aAccréditation |
| 692 | 07|2gccst|aToxicologie |
| 710 | 1 |aCanada. |bAgence de réglementation de la lutte antiparasitaire. |
| 710 | 1 |aCanada. |bSanté Canada. |
| 775 | 08|tFosetyl-aluminum |w(CaOODSP)9.822276 |
| 830 | #0|aLimites maximales de résidus proposées,|x1925-086X ; |vPMRL2016-36|w(CaOODSP)9.501545 |
| 856 | 40|qPDF|s161 Ko|uhttps://publications.gc.ca/collections/collection_2016/sc-hc/H113-24-2016-36-fra.pdf |